[Event "Titled Tuesday 2020.09.15"]
[Site "chess.com INT"]
[Date "2020.09.15"]
[Round "8"]
[White "Golsta, Madara"]
[Black "Kaufman, Raymond"]
[Result "1-0"]
[WhiteElo "1941"]
[BlackElo "2255"]
[PlyCount "61"]
[GameId "2130307593183895"]
[EventDate "2020.09.15"]
[EventType "swiss (blitz)"]
[EventRounds "10"]
[EventCountry "NET"]
[SourceTitle "The Week in Chess 1350"]
[Source "Mark Crowther"]
[SourceDate "2020.09.21"]
[SourceVersion "1"]
[SourceVersionDate "2020.09.21"]
[SourceQuality "2"]

1. e4 c5 2. Nf3 e6 3. d4 cxd4 4. Nxd4 Nc6 5. Nc3 Nf6 6. Nxc6 bxc6 7. e5 Nd5 8. Ne4 Qc7 9. f4 Rb8 10. c4 Bb4+ 11. Bd2 Nxf4 12. Bxb4 Rxb4 13. Qd2 Qxe5 14. Qxb4 Qxe4+ 15. Kd1 d5 16. Qd2 e5 17. cxd5 O-O 18. d6 Bg4+ 19. Kc1 Rd8 20. Ba6 Be2 21. Re1 Rxd6 22. Qxd6 Qe3+ 23. Qd2 Qc5+ 24. Kb1 Bxa6 25. Qd8+ Qf8 26. Qxf8+ Kxf8 27. Rxe5 Nxg2 28. b4 Bc4 29. Kb2 f6 30. Rc5 Bb5 31. a4 1-0

[Event "Titled Tuesday 2020.06.30"]
[Site "chess.com INT"]
[Date "2020.06.30"]
[Round "1"]
[White "Kaufman, Raymond"]
[Black "Kosteniuk, Alexandra"]
[Result "1-0"]
[WhiteElo "2255"]
[BlackElo "2471"]
[PlyCount "123"]
[GameId "2130307595411347"]
[EventDate "2020.06.30"]
[EventType "swiss (blitz)"]
[EventRounds "10"]
[EventCountry "NET"]
[SourceTitle "10 Days #620"]
[Source "ChessMix"]
[SourceDate "2020.07.10"]
[SourceVersion "1"]
[SourceVersionDate "2020.07.10"]
[SourceQuality "1"]

1. d4 Nf6 2. c4 e6 3. Nf3 b6 4. a3 Bb7 5. Nc3 Ne4 6. Nxe4 Bxe4 7. Nd2 Bg6 8. e4 d6 9. Bd3 Be7 10. O-O O-O 11. f4 f5 12. Qe2 Nc6 13. Nf3 Bf6 14. e5 dxe5 15. dxe5 Be7 16. Be3 a5 17. Rfd1 Qe8 18. Rac1 Bh5 19. c5 bxc5 20. Bb5 Rb8 21. a4 g5 22. Bxc5 Bxc5+ 23. Rxc5 Rxb5 24. Qxb5 Bxf3 25. gxf3 Nb4 26. Qxe8 Rxe8 27. Rxc7 Nd5 28. Rxd5 exd5 29. Rc5 gxf4 30. Rxd5 Rb8 31. Rxa5 Rxb2 32. e6 Re2 33. Rxf5 Rxe6 34. Rxf4 Re2 35. a5 Ra2 36. Rf5 Kg7 37. f4 Kg6 38. Re5 Kf6 39. Rb5 h6 40. Rb6+ Kf5 41. Rxh6 Kxf4 42. a6 Kf3 43. Rf6+ Kg4 44. Rb6 Kf3 45. Rb3+ Kf4 46. Rb6 Kf3 47. Rf6+ Kg4 48. Rg6+ Kf3 49. h4 Ra5 50. Kh2 Kf4 51. Kg2 Ra2+ 52. Kf1 Kf3 53. Rf6+ Kg4 54. Rh6 Kf3 55. Ke1 Ke3 56. Kd1 Kd3 57. Kc1 Kc3 58. Kb1 Ra5 59. h5 Rb5+ 60. Kc1 Ra5 61. Rc6+ Kd3 62. h6 1-0

[Event "Titled Tuesday 2020.06.30"]
[Site "chess.com INT"]
[Date "2020.06.30"]
[Round "2"]
[White "Kaufman, Raymond"]
[Black "Papp, Levente"]
[Result "0-1"]
[WhiteElo "2255"]
[BlackElo "2361"]
[PlyCount "50"]
[GameId "2130307595419796"]
[EventDate "2020.06.30"]
[EventType "swiss (blitz)"]
[EventRounds "10"]
[EventCountry "NET"]
[SourceTitle "10 Days #620"]
[Source "ChessMix"]
[SourceDate "2020.07.10"]
[SourceVersion "1"]
[SourceVersionDate "2020.07.10"]
[SourceQuality "1"]

1. e4 e6 2. d4 d5 3. Bd3 Nf6 4. e5 Nfd7 5. f4 c5 6. Nf3 Nc6 7. c3 Rb8 8. O-O g6 9. Be3 b5 10. Kh1 b4 11. Nbd2 bxc3 12. bxc3 Qa5 13. Nb3 Qa3 14. dxc5 Nxc5 15. Bc1 Qa4 16. Be3 Nxd3 17. Qxd3 Ba6 18. Qc2 Bxf1 19. Rxf1 Rc8 20. f5 gxf5 21. Ng5 h6 22. Nxf7 Kxf7 23. Rxf5+ Ke8 24. Rf6 Qe4 25. Qe2 Qxe5 0-1

[Event "Titled Tuesday 2020.06.30"]
[Site "chess.com INT"]
[Date "2020.06.30"]
[Round "3"]
[White "Goltsev, Dmitry"]
[Black "Kaufman, Raymond"]
[Result "0-1"]
[WhiteElo "2292"]
[BlackElo "2255"]
[PlyCount "66"]
[GameId "2130307595428221"]
[EventDate "2020.06.30"]
[EventType "swiss (blitz)"]
[EventRounds "10"]
[EventCountry "NET"]
[SourceTitle "10 Days #620"]
[Source "ChessMix"]
[SourceDate "2020.07.10"]
[SourceVersion "1"]
[SourceVersionDate "2020.07.10"]
[SourceQuality "1"]

1. b3 d5 2. Bb2 Bg4 3. f3 Bh5 4. d3 Nd7 5. Nd2 e5 6. Nh3 Ngf6 7. Nf2 Bc5 8. e4 c6 9. Be2 a5 10. O-O a4 11. c4 a3 12. Bc1 Qb6 13. Rb1 O-O 14. cxd5 cxd5 15. exd5 Nxd5 16. Nc4 Qe6 17. Bd2 b5 18. Na5 Bb4 19. Bxb4 Nxb4 20. Qd2 Qd6 21. Nb7 Qd4 22. Rfc1 Rfb8 23. Rc7 Na6 24. Rxd7 Qxd7 25. Na5 Rc8 26. Ne4 Qd4+ 27. Kh1 Bg6 28. Ng3 Nb4 29. Rc1 Bxd3 30. Bd1 Bg6 31. Qg5 f6 32. Nf5 fxg5 33. Nxd4 Rxc1 0-1

[Event "Titled Tuesday 2020.06.30"]
[Site "chess.com INT"]
[Date "2020.06.30"]
[Round "4"]
[White "Kaufman, Raymond"]
[Black "Piesik, Piotr"]
[Result "0-1"]
[WhiteElo "2255"]
[BlackElo "2418"]
[PlyCount "116"]
[GameId "2130307595440795"]
[EventDate "2020.06.30"]
[EventType "swiss (blitz)"]
[EventRounds "10"]
[EventCountry "NET"]
[SourceTitle "10 Days #620"]
[Source "ChessMix"]
[SourceDate "2020.07.10"]
[SourceVersion "1"]
[SourceVersionDate "2020.07.10"]
[SourceQuality "1"]

1. d4 c5 2. d5 e5 3. e4 d6 4. Bb5+ Nd7 5. a4 Be7 6. Nf3 Ngf6 7. Nc3 O-O 8. O-O Ne8 9. Ne2 Nc7 10. Ng3 Nxb5 11. axb5 g6 12. Bh6 Re8 13. c4 Bf8 14. Qd2 f6 15. Ra3 a6 16. Rfa1 Qe7 17. Bxf8 Rxf8 18. bxa6 Rxa6 19. Rxa6 bxa6 20. b4 cxb4 21. Qxb4 Nc5 22. h4 Qc7 23. Rb1 Bg4 24. Qb6 Qxb6 25. Rxb6 Bxf3 26. gxf3 Rd8 27. h5 a5 28. Rb5 Ra8 29. hxg6 hxg6 30. Ne2 a4 31. Nc3 a3 32. Na2 Kf7 33. Kf1 Ke7 34. Ke2 Kd7 35. Kd2 Kc7 36. Kc3 f5 37. exf5 gxf5 38. Rb1 Rh8 39. Rg1 Rh3 40. Rg3 Rh2 41. Rg7+ Kb6 42. Rg6 Nb7 43. Kb4 Kc7 44. Kxa3 Rxf2 45. Rg3 f4 46. Rh3 Nc5 47. Nc3 Kd7 48. Rh7+ Ke8 49. Rh3 Ke7 50. Nb5 e4 51. Rh7+ Kf6 52. fxe4 Nxe4 53. Rh6+ Kg5 54. Re6 Nd2 55. Nxd6 f3 56. Ne4+ Nxe4 57. Rxe4 Re2 58. Rd4 f2 0-1

[Event "Titled Tuesday 2020.06.30"]
[Site "chess.com INT"]
[Date "2020.06.30"]
[Round "6"]
[White "Diaz Villagran, Robert"]
[Black "Kaufman, Raymond"]
[Result "1-0"]
[WhiteElo "2305"]
[BlackElo "2255"]
[PlyCount "67"]
[GameId "2130307595457614"]
[EventDate "2020.06.30"]
[EventType "swiss (blitz)"]
[EventRounds "10"]
[EventCountry "NET"]
[SourceTitle "10 Days #620"]
[Source "ChessMix"]
[SourceDate "2020.07.10"]
[SourceVersion "1"]
[SourceVersionDate "2020.07.10"]
[SourceQuality "1"]

1. e4 e5 2. Nf3 Nc6 3. Nc3 Nf6 4. g3 Bc5 5. Bg2 d6 6. d3 h6 7. h3 a6 8. O-O Be6 9. Be3 Qd7 10. Kh2 h5 11. d4 Ng4+ 12. Kg1 exd4 13. Bxd4 Nxd4 14. Nxd4 Ne5 15. Nxe6 fxe6 16. h4 O-O-O 17. Bh3 Kb8 18. Kg2 Rdf8 19. Nd5 Rh6 20. f4 Ng4 21. Bxg4 hxg4 22. Qxg4 Qa4 23. Qxg7 Qxe4+ 24. Kh3 Rfh8 25. Qxc7+ Ka7 26. Ne7 Rxh4+ 27. gxh4 Qe3+ 28. Kg4 Qe2+ 29. Rf3 Qg2+ 30. Rg3 Qe2+ 31. Kh3 Rxh4+ 32. Kxh4 Qh2+ 33. Kg4 Qe2+ 34. Kg5 1-0

[Event "Titled Tuesday 2020.06.30"]
[Site "chess.com INT"]
[Date "2020.06.30"]
[Round "8"]
[White "Kaufman, Raymond"]
[Black "Martinez Reyes, Pedro Ramon"]
[Result "0-1"]
[WhiteElo "2255"]
[BlackElo "2416"]
[PlyCount "108"]
[GameId "2130307595482667"]
[EventDate "2020.06.30"]
[EventType "swiss (blitz)"]
[EventRounds "10"]
[EventCountry "NET"]
[SourceTitle "10 Days #620"]
[Source "ChessMix"]
[SourceDate "2020.07.10"]
[SourceVersion "1"]
[SourceVersionDate "2020.07.10"]
[SourceQuality "1"]

1. d4 Nf6 2. Bf4 e6 3. e3 c5 4. Nd2 b6 5. Ngf3 cxd4 6. exd4 Be7 7. Bd3 O-O 8. c3 Ba6 9. Bxa6 Nxa6 10. O-O Qc8 11. h3 Qb7 12. Qe2 Nc7 13. a4 Ncd5 14. Bh2 a6 15. Ne4 b5 16. axb5 axb5 17. Nd6 Bxd6 18. Bxd6 Rfc8 19. Be5 Ra6 20. Rxa6 Qxa6 21. Nd2 d6 22. Bg3 h6 23. Ne4 Nxe4 24. Qxe4 b4 25. cxb4 Nxb4 26. Qf4 d5 27. Qd6 Qc4 28. Qd7 Nd3 29. Ra1 Qc6 30. Qxc6 Rxc6 31. Ra8+ Kh7 32. Rb8 Rc4 33. Kf1 Rxd4 34. Ke2 Nc1+ 35. Ke1 f6 36. Bd6 e5 37. b4 Nd3+ 38. Ke2 Nf4+ 39. Ke1 Nxg2+ 40. Ke2 Nf4+ 41. Ke1 Re4+ 42. Kd2 Re2+ 43. Kd1 d4 44. b5 d3 45. b6 e4 46. Bxf4 Rxf2 47. Be3 Re2 48. Bd4 e3 49. b7 Rd2+ 50. Kc1 Rc2+ 51. Kb1 e2 52. Rh8+ Kxh8 53. b8=Q+ Kh7 54. Bf2 d2 0-1

[Event "Titled Tuesday 2020.06.30"]
[Site "chess.com INT"]
[Date "2020.06.30"]
[Round "10"]
[White "Petrova, Irina"]
[Black "Kaufman, Raymond"]
[Result "1/2-1/2"]
[WhiteElo "2087"]
[BlackElo "2255"]
[PlyCount "82"]
[GameId "2130307595499481"]
[EventDate "2020.06.30"]
[EventType "swiss (blitz)"]
[EventRounds "10"]
[EventCountry "NET"]
[SourceTitle "10 Days #620"]
[Source "ChessMix"]
[SourceDate "2020.07.10"]
[SourceVersion "1"]
[SourceVersionDate "2020.07.10"]
[SourceQuality "1"]

1. d4 Nf6 2. Nc3 d5 3. Bf4 a6 4. e3 e6 5. Nf3 c5 6. Ne5 Nc6 7. Bd3 cxd4 8. Nxc6 bxc6 9. exd4 Bd6 10. Bxd6 Qxd6 11. Na4 O-O 12. O-O e5 13. c3 Rb8 14. a3 Bg4 15. Qc2 e4 16. Be2 h5 17. Bxa6 Rfe8 18. Nc5 e3 19. fxe3 Rxe3 20. a4 Rbe8 21. a5 Be2 22. Bxe2 Rxe2 23. Qf5 Rxb2 24. Rf2 Rxf2 25. Qxf2 Ng4 26. Qg3 Qh6 27. h3 Ne3 28. a6 Nf5 29. Qd3 Qg5 30. a7 Ra8 31. Qe2 Ne3 32. Re1 Nc4 33. Qe8+ Rxe8 34. Rxe8+ Kh7 35. a8=Q Qc1+ 36. Kh2 Qf4+ 37. Kg1 Qc1+ 38. Kf2 Qf4+ 39. Ke1 Qd2+ 40. Kf1 Qf4+ 41. Kg1 Qc1+ 1/2-1/2

[Event "Titled Tuesday 2020.06.16"]
[Site "chess.com INT"]
[Date "2020.06.16"]
[Round "6"]
[White "Kovacs, Klara"]
[Black "Kaufman, Raymond"]
[Result "0-1"]
[WhiteElo "2154"]
[BlackElo "2255"]
[PlyCount "110"]
[GameId "2130307595962546"]
[EventDate "2020.06.16"]
[EventType "swiss"]
[EventRounds "10"]
[EventCountry "NET"]
[SourceTitle "10 Days #619"]
[Source "ChessMix"]
[SourceDate "2020.07.01"]
[SourceVersion "1"]
[SourceVersionDate "2020.07.01"]
[SourceQuality "1"]

1. Nf3 c5 2. g3 Nc6 3. Bg2 g6 4. O-O Bg7 5. c4 e6 6. Nc3 Nge7 7. b3 O-O 8. Bb2 d5 9. cxd5 exd5 10. e3 h6 11. Rc1 Be6 12. d4 cxd4 13. Nxd4 Nxd4 14. exd4 Qd7 15. Re1 Nc6 16. Ne2 Bh3 17. Bh1 Rfe8 18. Nf4 Bg4 19. Qd2 Be6 20. Nd3 b6 21. Ne5 Nxe5 22. dxe5 Rac8 23. Rxc8 Rxc8 24. Rd1 h5 25. h4 Kh7 26. Qd3 Bh6 27. Bxd5 Bxd5 28. Qxd5 Qxd5 29. Rxd5 Rc2 30. Bd4 Rxa2 31. Rd7 Kg8 32. Rd8+ Bf8 33. Kg2 Rd2 34. Kf3 Rd3+ 35. Ke2 Rxb3 36. Be3 Kg7 37. Bg5 Rb2+ 38. Kf1 Rb1+ 39. Kg2 f6 40. Bxf6+ Kf7 41. Rd7+ Ke6 42. Rxa7 b5 43. Ra6+ Kf5 44. Bh8 Be7 45. Ra7 Ke6 46. Ra6+ Kf5 47. Rc6 b4 48. f3 b3 49. Kh3 b2 50. g4+ hxg4+ 51. fxg4+ Kf4 52. Rc4+ Ke3 53. Rc3+ Kd2 54. e6 Rh1+ 55. Kg2 b1=Q 0-1

[Event "Titled Tuesday 2020.06.16"]
[Site "chess.com INT"]
[Date "2020.06.16"]
[Round "7"]
[White "Vallejo Diaz, Javier"]
[Black "Kaufman, Raymond"]
[Result "1-0"]
[WhiteElo "2365"]
[BlackElo "2255"]
[PlyCount "35"]
[GameId "2130307595979278"]
[EventDate "2020.06.16"]
[EventType "swiss"]
[EventRounds "10"]
[EventCountry "NET"]
[SourceTitle "10 Days #619"]
[Source "ChessMix"]
[SourceDate "2020.07.01"]
[SourceVersion "1"]
[SourceVersionDate "2020.07.01"]
[SourceQuality "1"]

1. e4 e6 2. d4 d5 3. Nd2 Nf6 4. e5 Nfd7 5. f4 c5 6. c3 Nc6 7. Ndf3 Qb6 8. g3 cxd4 9. cxd4 Bb4+ 10. Kf2 f6 11. Kg2 O-O 12. Bd3 fxe5 13. fxe5 Ndxe5 14. dxe5 Nxe5 15. Nxe5 Qf2+ 16. Kh3 Qf6 17. Ngf3 Bd6 18. Bg5 1-0

[Event "Titled Tuesday 2020.06.16"]
[Site "chess.com INT"]
[Date "2020.06.16"]
[Round "8"]
[White "Kaufman, Raymond"]
[Black "Mohota, Nisha"]
[Result "1-0"]
[WhiteElo "2255"]
[BlackElo "2195"]
[PlyCount "67"]
[GameId "2130307595983483"]
[EventDate "2020.06.16"]
[EventType "swiss"]
[EventRounds "10"]
[EventCountry "NET"]
[SourceTitle "10 Days #619"]
[Source "ChessMix"]
[SourceDate "2020.07.01"]
[SourceVersion "1"]
[SourceVersionDate "2020.07.01"]
[SourceQuality "1"]

1. e4 e5 2. Bc4 Nf6 3. d3 Nc6 4. Nc3 Be7 5. f4 d6 6. Nf3 Bg4 7. h3 Bxf3 8. Qxf3 Nd4 9. Qd1 c6 10. fxe5 dxe5 11. O-O b5 12. Bb3 Nxb3 13. axb3 O-O 14. Kh1 g6 15. Bh6 Re8 16. Qf3 Kh8 17. Ne2 Ng8 18. Be3 f6 19. Ra6 Qc7 20. d4 Rf8 21. Rfa1 c5 22. d5 Bd6 23. Rc6 Qd7 24. Raa6 Be7 25. Nc3 b4 26. Nb5 Rfb8 27. Nc7 Rc8 28. Nxa8 Rxa8 29. d6 Bd8 30. Bxc5 Rb8 31. Qd3 Nh6 32. Qd5 Nf7 33. Rxa7 Rb7 34. Rc7 1-0

[Event "Titled Tuesday 2020.06.16"]
[Site "chess.com INT"]
[Date "2020.06.16"]
[Round "9"]
[White "Marcinczyk, Monika"]
[Black "Kaufman, Raymond"]
[Result "1-0"]
[WhiteElo "1886"]
[BlackElo "2255"]
[PlyCount "71"]
[GameId "2130307595991900"]
[EventDate "2020.06.16"]
[EventType "swiss"]
[EventRounds "10"]
[EventCountry "NET"]
[SourceTitle "10 Days #619"]
[Source "ChessMix"]
[SourceDate "2020.07.01"]
[SourceVersion "1"]
[SourceVersionDate "2020.07.01"]
[SourceQuality "1"]

1. e4 e6 2. d4 d5 3. Nd2 Nf6 4. e5 Nfd7 5. Bd3 c5 6. c3 Nc6 7. Ne2 cxd4 8. cxd4 f6 9. exf6 Nxf6 10. Nf3 Bd6 11. O-O Qc7 12. Bg5 O-O 13. Rc1 Bd7 14. Nc3 a6 15. Re1 Ng4 16. h3 Nxf2 17. Kxf2 Bg3+ 18. Kg1 Bxe1 19. Qxe1 Rae8 20. Qh4 h6 21. Bxh6 gxh6 22. Qxh6 Bc8 23. Ng5 Qg7 24. Bh7+ Kh8 25. Qh5 Qxd4+ 26. Kh1 Kg7 27. Qg6+ Kh8 28. Nf7+ Rxf7 29. Qxf7 Rd8 30. Bc2 Qg7 31. Qh5+ Kg8 32. Rf1 Rf8 33. Bh7+ Kh8 34. Rxf8+ Qxf8 35. Bf5+ Kg7 36. Qg6+ 1-0

[Event "PNWCC Online Blitz 2020.05"]
[Site "chess.com INT"]
[Date "2020.05.16"]
[Round "1"]
[White "Kaufman, Raymond"]
[Black "Margvelashvili, Giorgi"]
[Result "0-1"]
[WhiteElo "2255"]
[BlackElo "2523"]
[PlyCount "98"]
[GameId "2130307597169691"]
[EventDate "2020.05.16"]
[EventType "swiss (blitz)"]
[EventRounds "11"]
[EventCountry "NET"]
[SourceTitle "10 Days #615"]
[Source "ChessMix"]
[SourceDate "2020.05.20"]
[SourceVersion "1"]
[SourceVersionDate "2020.05.20"]
[SourceQuality "1"]

1. d4 Nf6 2. c4 e6 3. Nc3 Bb4 4. e3 c5 5. Nge2 d6 6. a3 Ba5 7. Bd2 Nc6 8. d5 exd5 9. cxd5 Ne5 10. Nf4 O-O 11. Be2 a6 12. Rb1 b5 13. b4 Bb6 14. O-O c4 15. a4 Bd7 16. Ra1 Re8 17. Qc2 Qc8 18. axb5 axb5 19. Rxa8 Qxa8 20. Qb2 Qb7 21. h3 Ra8 22. Ra1 h6 23. Kh2 Ra7 24. g3 Qc8 25. Rxa7 Bxa7 26. Qa3 Bb6 27. g4 g6 28. f3 Qb7 29. Qc1 g5 30. Ng2 Nxd5 31. Nxd5 Qxd5 32. e4 Qa8 33. h4 Qa2 34. hxg5 hxg5 35. Ne1 Be3 36. Nc2 Bxd2 37. Qxd2 Qa7 38. Qd4 Qxd4 39. Nxd4 f6 40. Kg3 Kf7 41. Kf2 Ke7 42. Ke3 Ng6 43. Bf1 d5 44. exd5 Kd6 45. Ne2 Kxd5 46. f4 Nxf4 47. Nxf4+ gxf4+ 48. Kxf4 Kd4 49. Kf3 c3 0-1

[Event "PNWCC Online Blitz 2020.05"]
[Site "chess.com INT"]
[Date "2020.05.16"]
[Round "2"]
[White "Rajanish, Abhinav"]
[Black "Kaufman, Raymond"]
[Result "0-1"]
[WhiteElo "1619"]
[BlackElo "2255"]
[PlyCount "94"]
[GameId "2130307597173841"]
[EventDate "2020.05.16"]
[EventType "swiss (blitz)"]
[EventRounds "11"]
[EventCountry "NET"]
[SourceTitle "10 Days #615"]
[Source "ChessMix"]
[SourceDate "2020.05.20"]
[SourceVersion "1"]
[SourceVersionDate "2020.05.20"]
[SourceQuality "1"]

1. e4 c5 2. Nf3 e6 3. d4 cxd4 4. Nxd4 Nc6 5. Nc3 Qc7 6. f3 a6 7. Be3 Nf6 8. Be2 Be7 9. O-O O-O 10. Kh1 d6 11. a4 Ne5 12. f4 Nc4 13. Bxc4 Qxc4 14. e5 dxe5 15. fxe5 Nd5 16. Nxd5 Qxd5 17. Nf5 Bd8 18. Qxd5 exd5 19. Nd6 Be7 20. Bc5 f6 21. exf6 Rxf6 22. Rxf6 Bxf6 23. c3 Bg4 24. h3 Bh5 25. Re1 h6 26. Ba3 b6 27. g4 Bg6 28. Rd1 Rd8 29. Kg1 Bf7 30. Nxf7 Kxf7 31. c4 dxc4 32. Rxd8 Bxd8 33. Kf2 Ke6 34. Bf8 Bf6 35. Ke3 Bxb2 36. Kd2 b5 37. axb5 axb5 38. g5 hxg5 39. h4 gxh4 40. Kc2 Bd4 41. Kd1 h3 42. Kd2 h2 43. Bd6 h1=Q 44. Bc5 Qg2+ 45. Kc1 c3 46. Bxd4 Qd2+ 47. Kb1 Qb2# 0-1

[Event "PNWCC Online Blitz 2020.05"]
[Site "chess.com INT"]
[Date "2020.05.16"]
[Round "5"]
[White "Rathnakaran, Kantholi"]
[Black "Kaufman, Raymond"]
[Result "0-1"]
[WhiteElo "2314"]
[BlackElo "2255"]
[PlyCount "60"]
[GameId "2130307597178054"]
[EventDate "2020.05.16"]
[EventType "swiss (blitz)"]
[EventRounds "11"]
[EventCountry "NET"]
[SourceTitle "10 Days #615"]
[Source "ChessMix"]
[SourceDate "2020.05.20"]
[SourceVersion "1"]
[SourceVersionDate "2020.05.20"]
[SourceQuality "1"]

1. e4 e5 2. Nf3 Nc6 3. Bc4 Bc5 4. c3 Nf6 5. d3 d6 6. Bg5 h6 7. Bh4 Qe7 8. Nbd2 a6 9. b4 Ba7 10. a4 Bg4 11. h3 Bh5 12. g4 Bg6 13. b5 Nd8 14. bxa6 bxa6 15. Bxa6 Bxf2+ 16. Bxf2 Rxa6 17. a5 O-O 18. Qb3 Ne6 19. Qb7 Rfa8 20. Nc4 Nf4 21. Kd2 Nxd3 22. Kxd3 Bxe4+ 23. Qxe4 Nxe4 24. Kxe4 d5+ 25. Ke3 dxc4 26. Rhd1 Rxa5 27. Rxa5 Rxa5 28. Bg3 Qc5+ 29. Ke2 Ra2+ 30. Nd2 Qd5 0-1

[Event "PNWCC Online Blitz 2020.05"]
[Site "chess.com INT"]
[Date "2020.05.16"]
[Round "7"]
[White "Fridman, Daniel"]
[Black "Kaufman, Raymond"]
[Result "1-0"]
[WhiteElo "2615"]
[BlackElo "2255"]
[PlyCount "101"]
[GameId "2130307597182216"]
[EventDate "2020.05.16"]
[EventType "swiss (blitz)"]
[EventRounds "11"]
[EventCountry "NET"]
[SourceTitle "10 Days #615"]
[Source "ChessMix"]
[SourceDate "2020.05.20"]
[SourceVersion "1"]
[SourceVersionDate "2020.05.20"]
[SourceQuality "1"]

1. e4 c5 2. c3 Nf6 3. e5 Nd5 4. Nf3 d6 5. d4 cxd4 6. Qxd4 e6 7. exd6 Nc6 8. Bb5 Qxd6 9. Nbd2 Bd7 10. Ne4 Nxd4 11. Nxd6+ Bxd6 12. Bxd7+ Kxd7 13. Nxd4 a6 14. Ke2 Rhd8 15. Rd1 Ke7 16. c4 Nf6 17. h3 Bc5 18. Be3 Rac8 19. Rac1 Ne4 20. g4 g6 21. f3 e5 22. Nc2 Nd6 23. Bxc5 Rxc5 24. Ne3 Rdc8 25. b4 R5c6 26. c5 Nb5 27. Nc4 Ke6 28. Ke3 f5 29. gxf5+ gxf5 30. f4 Nc7 31. Nxe5 Nd5+ 32. Rxd5 Kxd5 33. Rd1+ Ke6 34. Nxc6 Rxc6 35. Rd8 a5 36. a3 axb4 37. axb4 b6 38. Kd4 bxc5+ 39. bxc5 Ra6 40. Re8+ Kd7 41. Rh8 Ke6 42. Rd8 Ra4+ 43. Kc3 Rxf4 44. c6 Rf1 45. Kb2 Rf2+ 46. Kb3 Rf3+ 47. Kb4 Rf4+ 48. Kb5 Rf1 49. c7 Rb1+ 50. Ka4 Ra1+ 51. Kb3 1-0

[Event "PNWCC Online Blitz 2020.05"]
[Site "chess.com INT"]
[Date "2020.05.16"]
[Round "8"]
[White "Nitin, Senthilvel"]
[Black "Kaufman, Raymond"]
[Result "1/2-1/2"]
[WhiteElo "2381"]
[BlackElo "2255"]
[PlyCount "122"]
[GameId "2130307597182260"]
[EventDate "2020.05.16"]
[EventType "swiss (blitz)"]
[EventRounds "11"]
[EventCountry "NET"]
[SourceTitle "10 Days #615"]
[Source "ChessMix"]
[SourceDate "2020.05.20"]
[SourceVersion "1"]
[SourceVersionDate "2020.05.20"]
[SourceQuality "1"]

1. e4 e5 2. Nf3 Nc6 3. Nc3 Nf6 4. Bb5 Nd4 5. O-O c6 6. Bc4 d5 7. exd5 cxd5 8. Nxd4 dxc4 9. Nf3 Bd6 10. Re1 O-O 11. d4 cxd3 12. Qxd3 Re8 13. Bg5 Bc7 14. Qxd8 Rxd8 15. Nxe5 Be6 16. Nd3 Rd4 17. Nb5 Rd7 18. Nc5 Re7 19. Nxe6 fxe6 20. Rad1 Kf7 21. c4 a6 22. Nxc7 Rxc7 23. b3 b5 24. Rd6 bxc4 25. bxc4 Rxc4 26. Rdxe6 Re8 27. Rxe8 Nxe8 28. Re7+ Kg6 29. h4 Nf6 30. g3 Rc2 31. a3 Ra2 32. Re3 h6 33. Bxf6 Kxf6 34. Kg2 h5 35. Kf3 g6 36. Rb3 a5 37. Ke3 Kg7 38. f4 Kf6 39. Ke4 Re2+ 40. Kd4 a4 41. Rb6+ Kf5 42. Rb5+ Kf6 43. Ra5 Rg2 44. Ra6+ Kf5 45. Ra5+ Kf6 46. Rxa4 Rxg3 47. Ke4 Rg1 48. Ra6+ Kf7 49. a4 Re1+ 50. Kf3 Rf1+ 51. Kg3 Rg1+ 52. Kf2 Rg4 53. Kf3 Rxh4 54. a5 Rh1 55. Ra8 Ra1 56. a6 Kg7 57. a7 Ra4 58. Kg3 Kh7 59. Kf3 Kg7 60. Kg3 Kh7 61. Kf3 Kg7 1/2-1/2

[Event "PNWCC Online Blitz 2020.05"]
[Site "chess.com INT"]
[Date "2020.05.16"]
[Round "9"]
[White "Kaufman, Raymond"]
[Black "Hilby, Craig"]
[Result "1-0"]
[WhiteElo "2255"]
[BlackElo "2433"]
[PlyCount "59"]
[GameId "2130307597182290"]
[EventDate "2020.05.16"]
[EventType "swiss (blitz)"]
[EventRounds "11"]
[EventCountry "NET"]
[SourceTitle "10 Days #615"]
[Source "ChessMix"]
[SourceDate "2020.05.20"]
[SourceVersion "1"]
[SourceVersionDate "2020.05.20"]
[SourceQuality "1"]

1. e4 e5 2. Nf3 Nc6 3. Bc4 Bc5 4. c3 Nf6 5. d3 d6 6. Bg5 a6 7. Nbd2 Ba7 8. Bb3 Be6 9. O-O h6 10. Be3 d5 11. Bxa7 Rxa7 12. exd5 Nxd5 13. Re1 Nf4 14. Nxe5 Nxe5 15. Rxe5 Nxd3 16. Rxe6+ fxe6 17. Qh5+ Kd7 18. Rd1 Nxb2 19. Bxe6+ Kc6 20. Qf3+ Kb5 21. Qe2+ Kc6 22. Qe4+ Kb5 23. Qb4+ Kc6 24. Qxb2 b6 25. Bg4 Kb7 26. Nc4 Qg5 27. Bf3+ Kc8 28. Nxb6+ cxb6 29. Qxb6 Qe7 30. Bg4+ 1-0

[Event "PNWCC Online Blitz 2020.05"]
[Site "chess.com INT"]
[Date "2020.05.16"]
[Round "10"]
[White "Kaufman, Raymond"]
[Black "Antonenko, D."]
[Result "0-1"]
[WhiteElo "2255"]
[BlackElo "2444"]
[PlyCount "88"]
[GameId "2130307597186419"]
[EventDate "2020.05.16"]
[EventType "swiss (blitz)"]
[EventRounds "11"]
[EventCountry "NET"]
[SourceTitle "10 Days #615"]
[Source "ChessMix"]
[SourceDate "2020.05.20"]
[SourceVersion "1"]
[SourceVersionDate "2020.05.20"]
[SourceQuality "1"]

1. d4 d5 2. c4 e6 3. Nc3 Nf6 4. cxd5 Nxd5 5. e4 Nxc3 6. bxc3 c5 7. Nf3 Be7 8. Bd3 O-O 9. O-O cxd4 10. cxd4 Nc6 11. Bb2 a6 12. Rc1 Nb4 13. Bb1 f5 14. Qe2 Kh8 15. a3 Nc6 16. d5 exd5 17. exd5 Na7 18. Ne5 Bf6 19. Rfd1 Bd7 20. Qh5 Qe8 21. Qxe8 Bxe8 22. Rc7 Nb5 23. Rxb7 Rd8 24. f4 h6 25. a4 Nd6 26. Rb6 Bxa4 27. Ng6+ Kg8 28. Re1 Bxb2 29. Rxb2 Rfe8 30. Re6 Nc4 31. Rb7 Nd6 32. Rb6 Bb5 33. Rbxd6 Rxd6 34. Rxd6 Re1+ 35. Kf2 Rxb1 36. Rd8+ Kf7 37. Ne5+ Ke7 38. Rb8 Kd6 39. Rd8+ Kc7 40. Rg8 g5 41. fxg5 hxg5 42. Rxg5 Kd6 43. Nf3 f4 44. Rf5 Rf1# 0-1